000 004980000a22001930004500
001 004820
003 MACL
005 20150729173301.0
008 150729b xxu||||| |||| 00| 0 eng d
040 _aMACL
_cMACL
041 _aEnglish
082 _a340/VAD
100 _aVadackumchery, james
_93348
245 _aThe Justice Less Administered
_cjames Vadackumchery
260 _aDelhi
_c2005
_bIndian Publishers and Distributors,
350 _a525
650 _aLaw
_93349
942 _k340
_cBK
_2ddc
999 _c16704
_d16704